000 00570nam a2200229 a 4500
001 0001-1397
003 ELIB.Books
008 160727 2010 eng
020 _a0806623977
035 _a(ELIB.Books)0001-1552
092 _a241
_bBir
100 _aBirch, Bruce C.
245 _aBible & Ethics in the Christian Life
260 _aMinneapolis
_bAugsburg
_c1989
300 _a239
_c21.5 Cm
650 _aChristian Ethics
856 _nKBTS Library
_uKBTS: ELIB
942 _2ddc
_cBK
990 _a1
998 _cbat
_e2016-07-27
999 _c11397
_d11397